Представление документа в формате MARC21

Поле Инд. ПП Название Значение
Тип записи a
Библиографический уровень m
001 Контрольный номер RU/IS/BASE/102273057
005 Дата корректировки 20230517113648.3
022 a ISSN 0204-3483
041 a Код языка текста rus
084 a Индекс другой классификации/Индекс ББК 20.117
090 a Полочн. индекс 95.2+20
097 00 a 110
245 00 a Заглавие Инженерная экология
b Продолж. заглавия научно-аналитический журнал
c Ответственность гл. ред. Н. П. Лаверов
n Номер части/ раздела №4/1999
260 00 a Место издания Москва
b Издательство Инженерная экология
c Дата издания 1999
300 a Объем 80 с.
500 00 a Примечание Журнал
505 a Форматированное содержание Инженерная экология: особенности гипергенных процессов в заскладированных горнопромышленных отходах
b Автор Чантурия В. А.
b Автор Макаров В. Н.
b Автор Макаров Д. В.
505 a Форматированное содержание Космическая экология: частицы космического мусора в околоземном пространстве (и методы их изучения)
b Автор Новиков Л. С.
505 a Форматированное содержание Критерии экологического риска и защищенности природоресурсных комплексов (экологический проект Знаменского месторождения промышленных рассолов)
b Автор Кузьмин С. Б.
b Автор Абалаков А. Д.
b Автор Данько Л. В.
b Автор Вахромеев А. Г.
505 a Форматированное содержание О задачах инженера-эколога (обзор литературы)
b Автор Ливчак И. Ф.
505 a Форматированное содержание Экологическая индустрия: технологии переработки бумажных отходов (обзор состояния проблемы)
b Автор Андреева И. П.
b Автор Карцева Е. В.
b Автор Потапов И. И.
505 a Форматированное содержание Экологические биотехнологии: синтез рибоннуклеозид-5'-фосфатов с помощью коринебактерий в некультивируемых условиях
b Автор Гончиков Г. Г.
b Автор Бархутова Д. Д.
505 a Форматированное содержание Экологический мониторинг на полигонах твердых бытовых и промышленных отходов Московского региона
b Автор Грибанова Л. П.
b Автор Гудкова В. Н.
505 a Форматированное содержание Экологическое приборостроение: термокаталитический метод и сенсор для селективного определения аммиака в смеси горючих газов
b Автор Деменчук Е. Ю.
b Автор Хамракулов Т. К.
650 a Основная рубрика экология
653 a Ключевые слова инженерная экология
773 w Контрольный № источника RU/IS/BASE/390322566
901 t Тип документа s
952 a Тип литературы для КСУ ВШ НЖ